| 000 | 01123nam0a22002531 4500 | ||
|---|---|---|---|
| 001 | rc\303488 | ||
| 005 | 20250621030301.0 | ||
| 010 |
_a5-7310-0024-7 _91500 |
||
| 035 | _a(NLR Aleph) 005539221 | ||
| 090 |
_a5692350 _c5692350 |
||
| 100 | _a20030307d1990 |||y0rusy50 ca | ||
| 101 | 0 | _arus | |
| 102 | _aRU | ||
| 105 | _ay ||||||||| | ||
| 200 | 1 |
_aВведение в экономику природопользования _eУчеб. пособие _fС.В. Успенский, А.В. Караваев, О.Л. Нечепоренко, В.М. Разумовский _gЛенингр. фин.-экон. ин-т им. Н.А. Вознесенского. Каф. экономики природопользования и размещения производ. сил |
|
| 210 |
_aЛ. _cИзд-во Ленингр. фин.-экон. ин-та _d1990 |
||
| 215 |
_a52 с. _d20 |
||
| 320 | _aБиблиогр.: с. 51 (14 назв.) | ||
| 701 | 1 |
_aУспенский _bС.В. _gСергей Всеволодович |
|
| 801 | 0 |
_aRU _bNLR _gpsbo |
|
| 801 | 1 |
_aRU _bELAR _2rusmarc |
|
| 852 |
_aNLR _j90-4/17145 |
||
| 942 | _cBOOK | ||
| 980 | _aNB | ||